De la bombe atomique au nettoyage ethnique. (Record no. 34568)

MARC details
000 -LEADER
campo de control de longitud fija 01154nad a2200373Mi 4500
001 - NÚMERO DE CONTROL
campo de control 78512
005 - FECHA Y HORA DE LA ÚLTIMA TRANSACCIÓN
campo de control 20230410105330.0
008 - DATOS DE LONGITUD FIJA--INFORMACIÓN GENERAL
campo de control de longitud fija 010906s2000 fr 000 0 fre d
035 ## - NÚMERO DE CONTROL DEL SISTEMA
Número de control de sistema (OCoLC)ocn247897496
040 ## - FUENTE DE CATALOGACIÓN
Centro catalogador/agencia de origen GyGoGBV
Normas de descripción rakwb
Lengua de catalogación ger
Centro/agencia transcriptor GBVCP
020 ## - NÚMERO INTERNACIONAL ESTÁNDAR DEL LIBRO
Número Internacional Estándar del Libro 202040589X
020 ## - NÚMERO INTERNACIONAL ESTÁNDAR DEL LIBRO
Número Internacional Estándar del Libro 9782020405898
035 ## - NÚMERO DE CONTROL DEL SISTEMA
Número de control de sistema (OCoLC)247897496
050 14 - SIGNATURA TOPOGRÁFICA DE LA BIBLIOTECA DEL CONGRESO
Número de clasificación JX1395
084 ## - OTRO NÚMERO DE CLASIFICACIÓN
Número de clasificación 89.70 ; Internationale Beziehungen: Allgemeines
Fuente del número bcc
084 ## - OTRO NÚMERO DE CLASIFICACIÓN
Número de clasificación 89.76 ; Friedensforschung ; Konfliktforschung
Fuente del número bcc
050 14 - SIGNATURA TOPOGRÁFICA DE LA BIBLIOTECA DEL CONGRESO
Número de clasificación H355
100 1# - ENTRADA PRINCIPAL--NOMBRE DE PERSONA
Nombre de persona Hassner, Pierre.
245 10 - MENCIÓN DEL TÍTULO
Título De la bombe atomique au nettoyage ethnique.
250 ## - MENCION DE EDICION
Mención de edición Reed. augm.
260 ## - PUBLICACIÓN, DISTRIBUCIÓN, ETC.
Lugar de publicación, distribución, etc. Paris :
Nombre del editor, distribuidor, etc. âEd. du Seuil,
Fecha de publicación, distribución, etc. 2000.
300 ## - DESCRIPCIÓN FÍSICA
Extensión 370 S.
440 #0 - MENCIÓN DE SERIE/PUNTO DE ACCESO ADICIONAL--TÍTULO
Título Collection Points ;
Designación de volumen o secuencia 416
Título Essais
440 #3 - MENCIÓN DE SERIE/PUNTO DE ACCESO ADICIONAL--TÍTULO
Título La violence et la paix / Pierre Hassner ;
Designación de volumen o secuencia [1]
500 ## - NOTA GENERAL
Nota general Includes bibliographical references and index.
650 #4 - PUNTO DE ACCESO ADICIONAL DE MATERIA--TÉRMINO DE MATERIA
Término de materia o nombre geográfico como elemento de entrada Krieg
-- Friede
-- Nationalismus
-- Internationale Politik.
653 #0 - TÉRMINO DE INDIZACIÓN--NO CONTROLADO
Término no controlado Deterrence (Strategy)
653 #0 - TÉRMINO DE INDIZACIÓN--NO CONTROLADO
Término no controlado International relations
653 #0 - TÉRMINO DE INDIZACIÓN--NO CONTROLADO
Término no controlado Nationalism
653 #0 - TÉRMINO DE INDIZACIÓN--NO CONTROLADO
Término no controlado World politics
-- 1989-
942 ## - ELEMENTOS DE ENTRADA SECUNDARIOS (KOHA)
Fuente del sistema de clasificación o colocación Clasificación de Library of Congress
Tipo de ítem Koha
946 ## - PROCESAMIENTO DE INFORMACIÓN LOCAL (OCLC)
a aa
994 ## -
-- C0
-- DRFGD
Holdings
Estatus retirado Estado de pérdida Fuente del sistema de clasificación o colocación Estado de daño No para préstamo Colección Biblioteca de origen Biblioteca actual Ubicación en estantería Fecha de adquisición Serial enumeration / chronology Signatura topográfica completa Código de barras Visto por última vez Copia número Tipo de ítem Koha
    Clasificación de Library of Congress     Ciencias Sociales Biblioteca Juan Bosch Biblioteca Juan Bosch Ciencias Sociales (3er. Piso) 10/04/2023 3 JX1395 | H355 00000070799 24/10/2018 1